000 01299nam a2200337 i 4500
003 EG-GICUC
005 20260310130120.0
008 260121s1997 ua |||fr|||| 000 0 ara d
017 _a97/2539
020 _a9770419559
040 _a EG-GICUC
_bara
_c EG-GICUC
_d EG-GICUC
_erda
041 _aara
082 0 4 _221
_a343.741
_bع ب . د
092 0 4 _221
099 _aLaw1 10 343.741 ع ب . د 1997
100 0 _aعبد الكريم ابو الفتوح درويش
_eمؤلف.
245 1 0 _aدراسات في منع الجريمة و العدالة الجنائية.
_nالجزء الأول /
_cعبد الكريم ابو الفتوح درويش.
264 1 _aالقاهرة:
_bدار النهضة العربية,
_c1997.
300 _a133 صفحة ؛
_c24 سم.
_bإيضاحيات، صور، مثيليات ؛
336 _2rda content
_atext
337 _2rda media
_aComputer
338 _2rda carrier
_aOnline Resource
504 _aببليوجرافيات: صفحات 123-128.
546 _aالنص باللغة العربية
650 1 4 _aالوقاية من الإجرام
_2qrmak
650 1 4 _aالقانون الجنائى
_2qrmak
651 1 _2qrmak
856 4 0 _uhttps://fll.law.cu.edu.eg/fulltext/bks/B10-07862.pdf
905 _a54
_eYara
942 _2ddc
_cBK
_e21
_n0
999 _c58326
_d58326